O soldadinho e a pomba (Registo nº 4678)

Detalhes MARC
000 -Etiqueta do registo
Cabeçalho 00746nam0a2200241 4500
005 - Identificador da versão
Campo de controlo 20240813122109.0
100 ## - Dados gerais de processamento
Dados gerais de processamento 20190507d1981 d y1pory5003 ba
102 ## - Pais de publicação ou produção
País de publicação Portugal
101 0# - Língua de publicação
Língua do texto, banda sonora, etc. Português
215 ## - Descrição física 
Indicação específica da natureza do documento e extensão da espécie 31, [1] p.
Outras indicações físicas il
200 1# - Titulo e menção de responsabilidade
Título próprio O soldadinho e a pomba
Primeira menção de responsabilidade Leonel Neves
Outras menções de responsabilidade desenhos Tóssan
225 2# - Colecção 
Título próprio da colecção Pássaro livre
Indicação de volume 30
210 ## - Publicação, Distribuição, etc. 
Lugar da edição, distribuição, etc. [Lisboa]
Nome do editor, distribuidor, etc. Livros Horizonte
Data da publicação, distribuição, etc. cop. 1981
314 ## - Notas relativas a responsabilidade intelectual 
Texto da nota Tóssan é pseudónimo de António Fernando dos Santos
606 ## - Nome comum usado como assunto
Número de registo de entrada de autoridade 0001335
Palavra de ordem Literatura portuguesa
Subdivisão de assunto Conto
Código do sistema CA
675 ## - Classificação Decimal Universal (CDU)
Notação 821.134.3-34
Edição 3ª ed.
Língua da edição por
702 #0 - Nome de autor-pessoa física (responsabilidade secundária)
Número de registo de entrada de autoridade 0002119
Palavra de ordem Tossan
Elementos de identificação ou distinção pseud.
Datas 1918-1991
Código de função Ilustrador / Técnico de desenho computorizado
700 #1 - Nome de autor-pessoa física (responsabilidade principal)
Número de registo de entrada de autoridade 0002117
Palavra de ordem Neves
Outra parte do nome não tomada para palavra de ordem Leonel
Datas 1921-1996
966 ## - Identificação da Biblioteca
Sigla EBVEN
942 ## - Elementos de entrada adicionados (Koha)
Tipo de item no Koha Livro
Exemplares
Situação do levantamento Origin of item (home branch) (coded) Biblioteca de empréstimo Código de barras Cota Circulation type (not for loan) Tipo de documento Nota do exemplar Damaged status
  Biblioteca Escolar das Vendas Biblioteca Escolar das Vendas BEV399 8POR NEV   Livro Sem mensagem